| 000 | 00416nam a22001457a 4500 | ||
|---|---|---|---|
| 999 |
_c18516 _d18516 |
||
| 008 | 200921b xxu||||| |||| 00| 0 eng d | ||
| 020 | _a1489989505 | ||
| 050 |
_aHF1017 _b.M58 2013 c.1 |
||
| 100 | _aMittelhammer, Ron C. | ||
| 245 |
_aMathematical statistics for economics and business _cRon C. Mittelhammer |
||
| 250 | _a2nd ed. | ||
| 260 |
_aNew York _bSpringer _c2013 |
||
| 300 | _axxvii, 755p. | ||
| 942 |
_2lcc _cBK |
||